| 000 | 00558nam a22002057a 4500 | ||
|---|---|---|---|
| 999 |
_c6226 _d6226 |
||
| 003 | OSt | ||
| 005 | 20190815124542.0 | ||
| 008 | 190815b ||||| |||| 00| 0 eng d | ||
| 020 | _a9780070482845 | ||
| 040 | _cddc | ||
| 082 | _a004.1 LYE 2004 | ||
| 100 |
_aLyer, Sriram V. ; Gupta, Pankaj _912814 |
||
| 245 | _aEmbedded Realtime Systems Programming | ||
| 260 |
_aNew York; _bMcGraw hill, _c2004 |
||
| 300 |
_axviii,321p; _bill: _c24cm |
||
| 504 | _aIndex included | ||
| 650 |
_aEmbedded systems _95687 |
||
| 650 |
_aProgramming _9496 |
||
| 942 |
_2ddc _cBOOK |
||